| 000 | 00450nam a22001817a 4500 | ||
|---|---|---|---|
| 003 | MPLRDC | ||
| 005 | 20220104114529.0 | ||
| 008 | 210129b ||||| |||| 00| 0 eng d | ||
| 082 | _a857.7 LM v.1 c.2 | ||
| 100 | _a李迈撰著 | ||
| 245 |
_a中国传奇小说集. 上卷 _c |
||
| 250 | _a初版 | ||
| 260 |
_a _b星光出版社 _c1985 |
||
| 300 | _b平 | ||
| 490 | _a双子星丛书. 330 | ||
| 650 | _a长篇小说 | ||
| 942 |
_cBK _o857.7 LM v.1 c.2 |
||
| 999 |
_c8187 _d8177 |
||